000 00380nam a22001217a 4500
008 230612b xxu||||| |||| 00| 0 eng d
082 _a354.676
_bGOK
245 _a1999/2000 Estimates of Recurrent Expenditure of the Government of Kenya for the Year Ending 30th June, 2000
260 _aNairobi,Kenya
_bGOK
_cSeptember, 1999
300 _aIX,2060p
440 _vIII
942 _2ddc
_cBK
999 _c1039
_d1039